Fr. Conceicao Rodrigues College of Engineering

Solve your T.V. Problems (Record no. 22859)

MARC details
000 -LEADER
fixed length control field 00311nam a2200145Ia 4500
082 ## - DEWEY DECIMAL CLASSIFICATION NUMBER
Classification number 621.388
100 ## - MAIN ENTRY--PERSONAL NAME
Personal name Jain S.K.
245 ## - TITLE STATEMENT
Title Solve your T.V. Problems
260 ## - PUBLICATION, DISTRIBUTION, ETC.
Name of publisher, distributor, etc. New Heights
Place of publication, distribution, etc. Delhi
Date of publication, distribution, etc. 1981
300 ## - PHYSICAL DESCRIPTION
Extent 281
546 ## - LANGUAGE NOTE
Language note ENGLISH
650 ## - SUBJECT ADDED ENTRY--TOPICAL TERM
Topical term or geographic name entry element Electrical Engineering
654 ## - SUBJECT ADDED ENTRY--FACETED TOPICAL TERMS
Focus term T.V.
942 ## - ADDED ENTRY ELEMENTS (KOHA)
Koha item type BOOK
Holdings
Withdrawn status Lost status Damaged status Not for loan Collection Home library Current library Date acquired Source of acquisition Cost, normal purchase price Inventory number Total Checkouts Full call number Barcode Date last seen Cost, replacement price Price effective from Koha item type
        AFT Fr. Agnel's C.Rodrigues College of Engineering Fr. Agnel's C.Rodrigues College of Engineering 17/03/2023 UBS 16.75 T-931   621.388 AFT3160 17/03/2023 16.75 17/03/2023 BOOK